F1 Race Results 2022: Mexico - Statistics

General Stats
  • This quiz has been taken 21 times
  • The average score is 14 of 20
Answer Stats
Pos. Answer % Correct
1 Max Verstappen
100%
2 Lewis Hamilton
88%
3 Sergio Perez
88%
5 Carlos Sainz
75%
4 George Russell
75%
6 Charles Leclerc
69%
7 Daniel Ricciardo
69%
8 Esteban Ocon
69%
DNF Fernando Alonso
69%
15 Lance Stroll
69%
9 Lando Norris
69%
16 Mick Schumacher
69%
18 Nicholas Latifi
69%
12 Alexander Albon
63%
17 Kevin Magnussen
63%
11 Pierre Gasly
63%
14 Sebastian Vettel
63%
10 Valtteri Bottas
63%
13 Zhou Guanyu
63%
DNF Yuki Tsunoda
56%
No matching quizzes found
Score Distribution
Percent of People with Each Score
Percentile by Number Answered
Your Score History
You have not taken this quiz